| 000 -LEADER |
| fixed length control field |
01996cam a22002897a 4500 |
| 003 - CONTROL NUMBER IDENTIFIER |
| control field |
OSt |
| 005 - DATE AND TIME OF LATEST TRANSACTION |
| control field |
20240116154129.0 |
| 008 - FIXED-LENGTH DATA ELEMENTS--GENERAL INFORMATION |
| fixed length control field |
080729s2008 sz ae b 001 0 eng d |
| 020 ## - INTERNATIONAL STANDARD BOOK NUMBER |
| International Standard Book Number |
9783764389215 |
| 082 ## - DEWEY DECIMAL CLASSIFICATION NUMBER |
| Classification number |
720.744531 |
| 245 00 - TITLE STATEMENT |
| Title |
Explorations in architecture : |
| Remainder of title |
teaching, design, research / |
| Statement of responsibility, etc |
issued by the Swiss Federal Office of Culture, Urs Staub ; edited by Reto Geiser. |
| 260 ## - PUBLICATION, DISTRIBUTION, ETC. (IMPRINT) |
| Place of publication, distribution, etc |
Basel ; |
| -- |
Boston : |
| Name of publisher, distributor, etc |
Birkhäuser, |
| Date of publication, distribution, etc |
c2008. |
| 300 ## - PHYSICAL DESCRIPTION |
| Extent |
216 p. : |
| Other physical details |
ill. (some col.), plans ; |
| Dimensions |
33 cm. |
| 500 ## - GENERAL NOTE |
| General note |
Published in conjunction with the official Swiss contribution to the 11th International Architecture Exhibition in Venice, 2008. |
| 504 ## - BIBLIOGRAPHY, ETC. NOTE |
| Bibliography, etc |
Includes bibliographical references and index. |
| 505 2# - FORMATTED CONTENTS NOTE |
| Formatted contents note |
Stop making sense / Angelus Eisinger -- A discourse on method / Sanford Kwinter -- An ant's view of architecture / Bruno Latour, Albena Yaneva -- Understanding by design / Daniel Bisig, Rolf Pfeifer -- Architecutre as membrane / Georges Teyssot -- Rem Koolhaas / Deane Simpson -- Institute for Architecture and Urban Studies / Kim Förster -- Venturi, Scott Brown, and Izenour / Martino Stierli -- Lucius Burckhardt / Martin Josephy -- Constantinos Doxiadis / Jeannie Kim -- Team 10 / Tom Avermaete -- Christopher Alexander / Andri Gerber -- Aldo Rossi / Filip Geerts -- Hochschüle für Gestaltund Ulm / Tilo Richter -- Buckminster Fuller / Mark Wasiuta -- Eames Office / John Harwood -- Henry van de Velde / Ole W. Fischer. |
| 650 #0 - SUBJECT ADDED ENTRY--TOPICAL TERM |
| Topical term or geographic name as entry element |
Architecture |
| General subdivision |
Study and teaching. |
| 650 #0 - SUBJECT ADDED ENTRY--TOPICAL TERM |
| Topical term or geographic name as entry element |
Architecture |
| General subdivision |
Research |
| Form subdivision |
Case studies. |
| 650 #0 - SUBJECT ADDED ENTRY--TOPICAL TERM |
| Topical term or geographic name as entry element |
Architecture |
| General subdivision |
Philosophy. |
| 700 1# - ADDED ENTRY--PERSONAL NAME |
| Personal name |
Staub, Urs. |
| 700 1# - ADDED ENTRY--PERSONAL NAME |
| Personal name |
Geiser, Reto. |
| 710 1# - ADDED ENTRY--CORPORATE NAME |
| Corporate name or jurisdiction name as entry element |
Switzerland. |
| Subordinate unit |
Bundesamt für Kultur. |
| 711 2# - ADDED ENTRY--MEETING NAME |
| Meeting name or jurisdiction name as entry element |
International Architectural Exhibition |
| Number of part/section/meeting |
(11th : |
| Date of meeting |
2008 : |
| Location of meeting |
Venice, Italy) |
| 906 ## - LOCAL DATA ELEMENT F, LDF (RLIN) |
| a |
7 |
| b |
cbc |
| c |
copycat |
| d |
2 |
| e |
ncip |
| f |
20 |
| g |
y-gencatlg |
| 942 ## - ADDED ENTRY ELEMENTS (KOHA) |
| Source of classification or shelving scheme |
|
| 955 ## - COPY-LEVEL INFORMATION (RLIN) |
| Classification number, CCAL (RLIN) |
pc21 2008-07-29 |
| -- |
rc15 2009-05-07 z-processor |
| Copy status, CST (RLIN) |
rc15 2009-05-07 to SL |
| Classification number, CCAL (RLIN) |
Barcode 00246387825 returned from bindery 2009-07-22 |